[Event "George Trundle NZ Reserves 2017"]
[Site "Auckland, NZL"]
[Date "2017.09.30"]
[Round "1.1"]
[White "Nagorski, Alex"]
[Black "Qin, Nicole Shu Yu"]
[Result "1-0"]
[BlackElo "1547"]
[WhiteElo "1843"]
[LiveChessVersion "1.4.8"]

1. Nf3 {[%clk 1:30:51]} e6 {[%clk 1:30:43]} 2. c4 {[%clk 1:31:03]} d5
{[%clk 1:30:20]} 3. d4 {[%clk 1:30:32]} c6 {[%clk 1:29:07]} 4. Nc3
{[%clk 1:30:44]} Nf6 {[%clk 1:24:09]} 5. e3 {[%clk 1:31:05]} Bd6 {[%clk 1:22:50]}
6. Bd3 {[%clk 1:31:03]} Nbd7 {[%clk 1:18:18]} 7. O-O {[%clk 1:31:00]} O-O
{[%clk 1:18:12]} 8. Qe2 {[%clk 1:20:52]} dxc4 {[%clk 1:15:25]} 9. Bxc4
{[%clk 1:20:11]} b5 {[%clk 1:13:26]} 10. Bd3 {[%clk 1:20:02]} Bb7
{[%clk 1:08:02]} 11. e4 {[%clk 1:18:04]} e5 {[%clk 1:03:38]} 12. Bg5
{[%clk 1:07:57]} Re8 {[%clk 0:53:45]} 13. d5 {[%clk 0:52:02]} b4 {[%clk 0:51:45]}
14. dxc6 {[%clk 0:44:10]} Bxc6 {[%clk 0:50:50]} 15. Nb5 {[%clk 0:38:48]} Be7
{[%clk 0:43:23]} 16. Rfc1 {[%clk 0:37:40]} Bxb5 {[%clk 0:33:20]} 17. Bxb5
{[%clk 0:37:54]} Ng4 {[%clk 0:24:54]} 18. Bxe7 {[%clk 0:36:14]} Qxe7
{[%clk 0:24:22]} 19. Rc7 {[%clk 0:35:42]} Ngf6 {[%clk 0:22:20]} 20. Rd1
{[%clk 0:34:30]} Red8 {[%clk 0:17:53]} 21. Qd3 {[%clk 0:30:41]} Rac8
{[%clk 0:17:04]} 22. Rxa7 {[%clk 0:19:15]} Qc5 {[%clk 0:11:24]} 23. Ra6
{[%clk 0:12:45]} Ng4 {[%clk 0:08:50]} 24. Qe2 {[%clk 0:07:24]} Nxf2
{[%clk 0:07:34]} 25. Qxf2 {[%clk 0:07:53]} Qxb5 {[%clk 0:07:54]} 26. Rad6
{[%clk 0:07:59]} f6 {[%clk 0:07:02]} 27. R6d5 {[%clk 0:05:05]} Qb7
{[%clk 0:06:36]} 28. Qd2 {[%clk 0:05:04]} Rc7 {[%clk 0:06:39]} 29. h4
{[%clk 0:05:02]} Qa7+ {[%clk 0:05:38]} 30. Kh2 {[%clk 0:05:16]} Qb7
{[%clk 0:05:45]} 31. h5 {[%clk 0:05:36]} Kf7 {[%clk 0:05:19]} 32. h6
{[%clk 0:04:13]} g5 {[%clk 0:04:24]} 33. Rd6 {[%clk 0:04:35]} Qxe4
{[%clk 0:03:57]} 34. Rxf6+ {[%clk 0:03:17]} Kxf6 {[%clk 0:03:06]} 35. Qd6+
{[%clk 0:02:30]} Kf7 {[%clk 0:02:45]} 36. Nxg5+ 1-0

[Event "George Trundle NZ Reserves 2017"]
[Site "Auckland, NZL"]
[Date "2017.09.30"]
[Round "1.3"]
[White "Braganza, Nadia"]
[Black "Ha, Huy Minh (Timothy)"]
[Result "1/2-1/2"]
[BlackElo "1690"]
[WhiteElo "1517"]
[LiveChessVersion "1.4.8"]

1. e4 {[%clk 1:30:54]} g6 {[%clk 1:30:42]} 2. d4 {[%clk 1:30:39]} Bg7
{[%clk 1:31:00]} 3. Nf3 {[%clk 1:30:15]} d6 {[%clk 1:30:48]} 4. Be3
{[%clk 1:27:49]} a6 {[%clk 1:28:08]} 5. Bc4 {[%clk 1:23:09]} e6 {[%clk 1:28:04]}
6. O-O {[%clk 1:19:45]} Nf6 {[%clk 1:25:58]} 7. Nc3 {[%clk 1:17:28]} b5
{[%clk 1:24:35]} 8. Bd3 {[%clk 1:14:54]} Bb7 {[%clk 1:22:20]} 9. a3
{[%clk 1:12:10]} O-O {[%clk 1:22:25]} 10. Qd2 {[%clk 1:05:31]} Nbd7
{[%clk 1:15:36]} 11. Bh6 {[%clk 0:56:30]} c5 {[%clk 1:10:08]} 12. Bxg7
{[%clk 0:52:35]} Kxg7 {[%clk 1:10:31]} 13. Rfe1 {[%clk 0:46:54]} c4
{[%clk 1:10:12]} 14. Bf1 {[%clk 0:46:53]} Qc7 {[%clk 1:09:59]} 15. e5
{[%clk 0:42:29]} dxe5 {[%clk 1:05:24]} 16. Nxe5 {[%clk 0:40:20]} Rad8
{[%clk 1:02:49]} 17. Qe3 {[%clk 0:32:24]} Nb6 {[%clk 0:50:50]} 18. Rad1
{[%clk 0:30:16]} Nbd5 {[%clk 0:46:21]} 19. Nxd5 {[%clk 0:25:34]} Nxd5
{[%clk 0:44:10]} 20. Qg3 {[%clk 0:23:42]} f6 {[%clk 0:40:37]} 21. Ng4
{[%clk 0:22:22]} Qxg3 {[%clk 0:40:32]} 22. hxg3 {[%clk 0:22:44]} Rd6
{[%clk 0:39:30]} 23. c3 {[%clk 0:17:47]} Rfd8 {[%clk 0:38:48]} 24. Be2
{[%clk 0:17:31]} Ne7 {[%clk 0:35:23]} 25. Ne3 {[%clk 0:13:53]} Kf7
{[%clk 0:32:46]} 26. f3 {[%clk 0:13:14]} Nc8 {[%clk 0:31:50]} 27. Kf2
{[%clk 0:10:49]} Nb6 {[%clk 0:32:14]} 28. Rb1 {[%clk 0:10:30]} e5
{[%clk 0:26:34]} 29. dxe5 {[%clk 0:10:25]} fxe5 {[%clk 0:26:51]} 30. Red1
{[%clk 0:10:33]} Na4 {[%clk 0:24:03]} 31. Ke1 {[%clk 0:08:57]} Nc5
{[%clk 0:23:37]} 32. Rxd6 {[%clk 0:08:49]} Rxd6 {[%clk 0:24:05]} 33. Rd1
{[%clk 0:08:48]} Ke6 {[%clk 0:23:32]} 34. Rxd6+ {[%clk 0:05:49]} Kxd6
{[%clk 0:24:00]} 35. Kd2 {[%clk 0:06:05]} e4 {[%clk 0:23:14]} 36. Kc2
{[%clk 0:05:05]} Ne6 {[%clk 0:23:09]} 37. b3 {[%clk 0:03:53]} cxb3+
{[%clk 0:23:32]} 38. Kxb3 {[%clk 0:04:15]} Ng5 {[%clk 0:19:23]} 39. f4
{[%clk 0:03:48]} Ne6 {[%clk 0:19:32]} 40. Kb4 {[%clk 0:33:23]} Nc5
{[%clk 0:47:59]} 41. c4 {[%clk 0:30:36]} bxc4 {[%clk 0:43:06]} 42. Bxc4
{[%clk 0:27:54]} Ne6 {[%clk 0:41:54]} 43. Bxe6 {[%clk 0:26:40]} Kxe6
{[%clk 0:42:18]} 44. Kc5 {[%clk 0:25:29]} g5 {[%clk 0:34:09]} 45. Kb6
{[%clk 0:24:23]} gxf4 {[%clk 0:30:19]} 46. gxf4 {[%clk 0:24:38]} Bc8
{[%clk 0:30:27]} 47. Kc5 {[%clk 0:22:45]} h5 {[%clk 0:26:34]} 48. g3
{[%clk 0:22:40]} Bd7 {[%clk 0:25:45]} 49. Kd4 {[%clk 0:19:43]} 1/2-1/2

[Event "George Trundle Reserves 2017"]
[Site "Auckland NZL"]
[Date "2017.09.30" ]
[Round "1.4"]
[White "Peak, Stephen"]
[WhiteFideId "4305493"]
[Black "Meng, Richard"]
[WhiteFideId "4305000"]
[Result "0-1"]
[WhiteElo "1670"]
[BlackElo "1646"]
[PlyCount "54"]
[EventDate "2017.09.30"]
[SourceDate ""]

1. e4 c5 2. Nc3 a6 3. a4 Nc6 4. f4 d6 5. Nf3 Nf6 6. Bc4 e6 7. O-O Nxe4 8. Nxe4
d5 9. Nc3 dxc4 10. Qe2 Nd4 11. Qxc4 Nxc2 12. Rb1 Nd4 13. Kh1 b6 14. Ng5 Be7 15.
Nge4 Bb7 16. d3 Bd5 17. Nxd5 exd5 18. Qc3 dxe4 19. dxe4 O-O 20. Be3 Qd7 21.
Rbd1 Rfd8 22. b3 Rac8 23. f5 Qb7 24. Rf4 Ne2 25. Rxd8+ Rxd8 26. Qc2 Nxf4 27.
Bxf4 Qd7 0-1

[Event "George Trundle NZ Reserves 2017"]
[Site "Auckland, NZL"]
[Date "2017.09.30"]
[Round "1.5"]
[White "Mukkattu, Philip"]
[Black "Qin, Oscar Shu Xuan"]
[Result "1-0"]
[BlackElo "1415"]
[WhiteElo "1676"]
[LiveChessVersion "1.4.8"]

1. Nf3 {[%clk 1:31:21]} d5 {[%clk 1:30:39]} 2. g3 {[%clk 1:31:48]} Nf6
{[%clk 1:30:09]} 3. Bg2 {[%clk 1:29:52]} c6 4. O-O {[%clk 1:28:18]} e6
{[%clk 1:28:39]} 5. c4 {[%clk 1:24:14]} Nbd7 {[%clk 1:26:29]} 6. Qc2
{[%clk 1:22:37]} Bd6 {[%clk 1:21:17]} 7. d4 {[%clk 1:19:42]} dxc4
{[%clk 1:12:55]} 8. e4 {[%clk 1:15:51]} e5 {[%clk 1:12:19]} 9. Rd1
{[%clk 0:59:08]} Qe7 {[%clk 1:10:16]} 10. Qxc4 {[%clk 0:53:47]} Nxe4
{[%clk 1:06:59]} 11. Re1 {[%clk 0:51:32]} Nef6 {[%clk 1:03:15]} 12. dxe5
{[%clk 0:50:14]} Nxe5 {[%clk 1:02:16]} 13. Nxe5 {[%clk 0:30:56]} Bxe5
{[%clk 0:59:22]} 14. Bxc6+ {[%clk 0:24:32]} Nd7 {[%clk 0:58:41]} 15. Bxd7+
{[%clk 0:23:51]} Bxd7 {[%clk 0:51:19]} 16. Bd2 {[%clk 0:19:59]} O-O 17. Bc3
{[%clk 0:19:33]} Be6 {[%clk 0:46:05]} 18. Rxe5 {[%clk 0:17:49]} Rfd8 19. Qe2
{[%clk 0:17:36]} Rd7 {[%clk 0:41:30]} 20. Nd2 {[%clk 0:17:36]} Rad8
{[%clk 0:41:32]} 21. Nf3 {[%clk 0:16:59]} Qd6 22. Ng5 {[%clk 0:12:52]} Re7
{[%clk 0:36:15]} 23. Nxe6 Rxe6 24. Rxe6 Qxe6 25. Qxe6 fxe6 26. Re1
Kf7 27. f4 g6 28. Re4 a6 29. Rd4 Rxd4 30. Bxd4 Ke7 31. Kf2 Kd6 32. Ke3 Kd5 33.
Kd3 b5 34. a3 h6 35. h4 h5 36. b4 Kc6 37. Ke4 Kd6 38. Bc5+ 1-0